Meu crespo é de rainha/ (Record no. 157711)

MARC details
000 -LÍDER
campo de controle de tamanho fixo 00389nam a22001457a 4500
008 - CAMPO DE DADOS FIXOS--INFORMAÇÃO GERAL
campo de controle de tamanho fixo 240509b |||||||| |||| 00| 0 POR d
020 ## - ISBN - INTERNATIONAL STANDARD BOOK NUMBER
ISBN - International Standard Book Number 9788575596081
082 ## - CDD - CLASSIFICAÇÃO DECIMAL DE DEWEY
Número de Classificação 028.5
100 0# - ENTRADA PRINCIPAL--NOME PESSOAL
Nome pessoal Hooks, Bell
9 (RLIN) 1400
245 ## - TÍTULO
Título Meu crespo é de rainha/
Indicação de responsabilidade, etc. Bell Hooks, ilustrações: Chris Raschka
260 ## - PUBLICAÇÃO, DISTRIBUIÇÃO, ETC.
Local de publicação, distribuição, etc. São Paulo:
Nome do editor, distribuidor, etc. Boitatá,
Data da publicação, distribuição, etc. 2018.
300 ## - DESCRIÇÃO FÍSICA
Extensão 15 p: il
942 ## - ELEMENTOS DE ENTRADA ADICIONADOS (KOHA)
Fonte da classificação ou esquema de arquivamento na estante
Holdings
Situação do descarte Situação das perdas Fonte da classificação ou esquema de arquivamento na estante Situação física Não pode ser emprestado Biblioteca de origem Biblioteca atual Data de aquisição Total de empréstimos Número de chamada completo Código de barras Data de último acesso Data do último empréstimo Data do preço efetivo Tipo de material Koha
          Portinari - Salvador Portinari - Salvador 09/05/2024 1 028.5 H755m 05/CCP 09/05/2024 09/05/2024 09/05/2024 Livros